000 00759nam a2200217Ii 4500
003 JO-AjNU
008 230605s9999||||xx |||||||||||||| ||und||
017 _a1985/761
040 _aJO-AjNU
_bara
_erda
_cJO-AjNU
041 _aara
050 1 4 _aKMJ3067.D8788.1985
100 3 _a الدوري ، محمد جابر,
_eauthor
_917104
245 0 0 _aمسؤولية المقاول والمهندس في مقالات البناء والمنشاءات الثابتة بعد انجاز العمل وتسليمة
250 _a(د،ط)
264 3 1 _aد ، م : د ، ن ، 1985
300 _a304ص
336 _atext
_btxt
_2rdacontent
337 _aunmediated
_bn
_2rdamedia
338 _avolume
_bnc
_2rdacarrier
650 4 _aالهندسة المدنية
_917105
999 _aA5213
_c8781
_d8781